Represent and destroy (Record no. 234141)
[ view plain ]
| 000 -LEADER | |
|---|---|
| fixed length control field | 03586nam a2200421 a 4500 |
| 082 04 - DEWEY DECIMAL CLASSIFICATION NUMBER | |
| Classification number | 303.6089/00973 |
| 100 1# - MAIN ENTRY--AUTHOR NAME | |
| Personal name | Melamed, Jodi. |
| 245 10 - TITLE STATEMENT | |
| Title | Represent and destroy |
| 260 ## - PUBLICATION, DISTRIBUTION, ETC. (IMPRINT) | |
| Place of publication | Minneapolis : |
| Name of publisher | Univ. of Minnesota Press, |
| Year of publication | 2011. |
| 300 ## - PHYSICAL DESCRIPTION | |
| Number of Pages | xxiv, 274 p. |
| 490 1# - SERIES STATEMENT | |
| Series statement | Difference incorporated |
| 505 8# - FORMATTED CONTENTS NOTE | |
| Formatted contents note | Machine generated contents note: ContentsPrefaceIntroduction: Producing Discourses of Certainty with Official Antiracisms -- 1. Killing Sympathies: Racial Liberalism and Race Novels -- 2. Counterinsurgent Canon Wars and Surviving Liberal Multiculturalism -- 3. Making Global Citizens: Neoliberal Multiculturalism and Literary Value -- 4. Difference as Strategy in International Indigenous Peoples' Movements -- Epilogue: Rematerializing AntiracismAcknowledgments -- Notes -- Bibliography -- Index. |
| 520 ## - SUMMARY, ETC. | |
| Summary, etc | "In the global convulsions in the aftermath of World War II, one dominant world racial order broke apart and a new one emerged. This is the story Jodi Melamed tells in Represent and Destroy, portraying the postwar racial break as a transition from white supremacist modernity to a formally antiracist liberal capitalist modernity in which racial violence works normatively by policing representations of difference. Following the institutionalization of literature as a privileged domain for Americans to get to know difference--to describe, teach, and situate themselves with respect to race--Melamed focuses on literary studies as a cultural technology for transmitting liberal racial orders. She examines official antiracism in the United States and finds that these were key to ratifying the country's global ascendancy. She shows how racial liberalism, liberal multiculturalism, and neoliberal multiculturalism made racism appear to be disappearing, even as they incorporated the assumptions of global capitalism into accepted notions of racial equality. Yet Represent and Destroy also recovers an anticapitalist "race radical" tradition that provides a materialist opposition to official antiracisms in the postwar United States--a literature that sounds out the violence of liberal racial orders, relinks racial inequality to material conditions, and compels desire for something better than U.S. multiculturalism"-- |
| 650 #0 - SUBJECT ADDED ENTRY--TOPICAL TERM | |
| Topical Term | Racism |
| Topical Term | Racism |
| Topical Term | Multiculturalism |
| Topical Term | Multiculturalism |
| Topical Term | Racism in literature. |
| 856 40 - ELECTRONIC LOCATION AND ACCESS | |
| Uniform Resource Identifier | http://site.ebrary.com/lib/rucke/Doc?id=10531203 |
| 520 ## - SUMMARY, ETC. | |
| -- | Provided by publisher. |
No items available.
